000 00641nam a2200277Ia 4500
005 20260324140614.0
008 008 260324s9999 xx 000 0 eng d
020 _a9780080547534
037 _aEBOOK
040 _aCRL
040 _beng
040 _cCRL
041 _2eng
041 _aeng
084 _qCRL
100 _aDavid Ryback
_91205043
245 0 _aPutting Emotional Intelligence To Work
260 _bTaylor and Francis
260 _c1998
365 _a
365 _b80.99
856 _uhttp://www.taylorfrancis.com/books/9780080547534
942 _cEBOOK
999 _c1807277
_d1807277